000 00520nam a22001932 4500
001 0000004971
005 20170406120241.0
008 141127s xx 000 0 eng d
020 _c$
040 _aYour Holding Symbol
_cYour Holding Symbol
100 1 _aCaris,Nina.
245 1 0 _ainstructor's guide for campbell's biology.
250 _a4h ed.
260 _aNew york :
_bCummings publishers,
_c1996.
300 _a949 p. ;
_c cm.
504 _aindex.
650 0 _abiology.
908 _a141127
999 _c4778
_d4778